| 000 | 00721nam a22002297a 4500 | ||
|---|---|---|---|
| 999 |
_c20113 _d20113 |
||
| 003 | AR-CdUCM | ||
| 008 | 190527b ||||| |||| 00| 0 spa d | ||
| 040 |
_aMUNICIPALIDAD PROVINCIAL DEL CUSCO _cBIBLIOTECA MUNICIPAL DEL CUSCO |
||
| 041 | _heng | ||
| 082 |
_a600 / _bD19 |
||
| 100 |
_aDavis, Watson _942072 |
||
| 245 | _aEl siglo de la ciencia / | ||
| 260 |
_aMéxico : _bDiana, _c1966. |
||
| 300 |
_a356 páginas _c19 cm. |
||
| 505 | _aContenido: Átomos cambiantes -- Revolución atómica -- descubrimiento del universo... | ||
| 650 |
_aEspacio _920858 |
||
| 650 |
_aÁtomos _918683 |
||
| 650 |
_aElectronica _920935 |
||
| 700 |
_aMeza Nieto, Jose (traductor) _9960 |
||
| 942 |
_2ddc _cLIBROS |
||
| 945 | _aJavier | ||